000 00308 a2200109 4500
001 ART_49992
005 20260410161730.0
008 260409a
245 1 0 _aLa idea de Nación en el Facundo
100 1 _aD'Auria, Aníbal
773 0 _tLecciones y ensayos
_g- Nº 86 (ene. 2009)
_wREV2658
999 _c17732
_d17732